Rules for the Registration of Schemes (Record no. 121732)

MARC details
000 -LEADER
fixed length control field 00992nam a22001817a 4500
008 - FIXED-LENGTH DATA ELEMENTS--GENERAL INFORMATION
fixed length control field 231219s2020 xxk|||||o|||| 00| 0 eng d
041 ## - LANGUAGE CODE
Language code of text/sound track or separate title eng
110 ## - MAIN ENTRY--CORPORATE NAME
Corporate author Royal Institution of Chartered Surveyors
245 ## - TITLE STATEMENT
Title Rules for the Registration of Schemes
Subtitle Version 5
Medium [Electronic resource]
260 ## - PUBLICATION INFORMATION
Place of publication London,
Publisher Royal Institution of Chartered Surveyors,
Date effective from 2 March 2020
490 ## - SERIES TITLE
Series statement RICS Regulation
500 ## - GENERAL NOTE
General note Superseded by version 5 with effect from 2 February 2022
520 ## - ABSTRACT
Abstract These Rules are made by the Standards and Regulation Board in accordance with powers provided by the Regulation 7.2.4. They set out:<br/>a) the procedure for registration, deregistration and appeal and; <br/>b) the obligations of registration
651 ## - SUBJECT ADDED ENTRY--GEOGRAPHIC NAME
Geographic name United Kingdom
710 ## - ADDED CORPORATE NAME
Added corporate author Royal Institution of Chartered Surveyors
856 ## - ONLINE RESOURCE
Uniform Resource Identifier <a href="https://www.rics.org/content/dam/ricsglobal/documents/regulation/rules_for_the_registration_of_schemes_2020.pdf">https://www.rics.org/content/dam/ricsglobal/documents/regulation/rules_for_the_registration_of_schemes_2020.pdf</a>
Public note Available free on RICS.org
942 ## - ADDED ENTRY ELEMENTS (KOHA)
Suppress in OPAC Do not suppress in OPAC
Holdings
Lost status Damaged status Not for loan Current library Shelving location Date acquired Total Checkouts Full call number Date last seen Price effective from Koha item type
      Virtual Online 19/12/2023   ONLINE PUBLICATION 19/12/2023 19/12/2023 Online material